[Event "Altenkirchen Seniors op 19th"]
[Site "Altenkirchen"]
[Date "2022.07.21"]
[Round "3"]
[White "Walther, Renate"]
[Black "Tuertmann, Dieter"]
[Result "0-1"]
[WhiteElo "1210"]
[BlackElo "1870"]
[PlyCount "110"]
[EventDate "2022.07.19"]
[EventType "swiss"]
[EventRounds "9"]
[EventCountry "GER"]
[SourceTitle "CBM 209 Extra"]
[Source "ChessBase"]
[SourceDate "2022.09.30"]
[SourceVersion "1"]
[SourceVersionDate "2022.09.30"]
[SourceQuality "1"]

1. e4 c5 2. Nf3 e6 3. Bc4 a6 4. Nc3 b5 5. Be2 Bb7 6. d3 h6 7. e5 Ne7 8. Be3 Qc7 9. Ne4 Ng6 10. Qd2 Bxe4 11. dxe4 Nc6 12. 0-0 Rd8 13. Rad1 Be7 14. c3 0-0 15. Qc1 Ncxe5 16. Nd2 c4 17. Nf3 Nxf3+ 18. Bxf3 d6 19. Bh5 Kh7 20. f4 f5 21. Bxg6+ Kxg6 22. Qc2 Kh7 23. Bf2 g6 24. Bg3 Rd7 25. h4 h5 26. e5 d5 27. Bf2 Rb8 28. Bd4 Qc6 29. Kh2 Bxh4 30. g3 Bd8 31. Qf2 a5 32. Rb1 Kg8 33. b3 cxb3 34. axb3 Rdb7 35. Rfc1 Bb6 36. Qd2 Qe8 37. Qd3 Bd8 38. Bc5 Qc6 39. b4 a4 40. Bd4 Rh7 41. Kg2 Kh8 42. Ra1 Qe8 43. Bf2 Rc8 44. Qf3 Rc4 45. Bd4 Be7 46. Qe3 Qc6 47. Qf2 Bxb4 48. Qd2 Bc5 49. Kf2 Rc7 50. Qe3 Bxd4 51. cxd4 Rxc1 52. Qa3 Rxa1 53. Qxa1 Qc2+ 54. Ke1 Qc3+ 55. Qxc3 Rxc3 0-1

[Event "Altenkirchen Seniors op 19th"]
[Site "Altenkirchen"]
[Date "2022.07.20"]
[Round "2"]
[White "Lacrosse, Marc"]
[Black "Walther, Renate"]
[Result "1-0"]
[WhiteElo "2003"]
[BlackElo "1210"]
[PlyCount "34"]
[EventDate "2022.07.19"]
[EventType "swiss"]
[EventRounds "9"]
[EventCountry "GER"]
[SourceTitle "CBM 209 Extra"]
[Source "ChessBase"]
[SourceDate "2022.09.30"]
[SourceVersion "1"]
[SourceVersionDate "2022.09.30"]
[SourceQuality "1"]

1. d4 d5 2. c4 Bf5 3. cxd5 Bxb1 4. Qa4+ Qd7 5. Qxd7+ Nxd7 6. Rxb1 0-0-0 7. e4 e6 8. dxe6 fxe6 9. Bc4 Re8 10. Ne2 Ngf6 11. f3 g6 12. Be3 Bb4+ 13. Bd2 Bxd2+ 14. Kxd2 Nb6 15. Bb3 h5 16. Nf4 e5 17. Nxg6 Rhg8 1-0

[Event "Rottach Egern Seniors Cup 10th"]
[Site "Rottach Egern"]
[Date "2022.03.30"]
[Round "5"]
[White "Walther, Renate"]
[Black "Eibl, Guenter"]
[Result "0-1"]
[WhiteElo "1180"]
[BlackElo "1736"]
[PlyCount "112"]
[EventDate "2022.03.26"]
[EventType "swiss"]
[EventRounds "9"]
[EventCountry "GER"]
[SourceTitle "CBM 207 Extra"]
[Source "ChessBase"]
[SourceDate "2022.05.31"]
[SourceVersion "1"]
[SourceVersionDate "2022.05.31"]
[SourceQuality "1"]

1. e4 Nf6 2. Nc3 d5 3. d3 d4 4. e5 dxc3 5. exf6 cxb2 6. Bxb2 exf6 7. Nf3 Bb4+ 8. c3 Qe7+ 9. Be2 Bd6 10. 0-0 0-0 11. d4 c6 12. Re1 Be6 13. Bd3 Qc7 14. Qc2 h6 15. Bf5 Bxf5 16. Qxf5 Qd7 17. Qd3 Na6 18. a3 Nc7 19. a4 Rfe8 20. c4 Bb4 21. Bc3 Bxc3 22. Qxc3 Rxe1+ 23. Rxe1 Re8 24. Rxe8+ Nxe8 25. h3 b6 26. a5 b5 27. Qb3 a6 28. d5 cxd5 29. cxd5 Nc7 30. Qd3 Qxd5 31. Qd4 Qxd4 32. Nxd4 Kf8 33. Kf1 g6 34. Ke1 Ke7 35. Kd1 Kd6 36. Kc2 Nd5 37. Kb3 Nf4 38. g4 Kc5 39. Nc2 Nxh3 40. f3 Nf4 41. Nb4 Nd5 42. Nxa6+ Kc6 43. Nb8+ Kb7 44. Nd7 Ka6 45. Nc5+ Kxa5 46. Nb7+ Kb6 47. Nd6 h5 48. gxh5 gxh5 49. Nxf7 Kc5 50. Nh6 Ne7 51. f4 Nd5 52. Nf5 Nxf4 53. Nh4 Ne6 54. Nf5 Nd4+ 55. Nxd4 Kxd4 56. Kc2 h4 0-1

[Event "Rottach Egern Seniors Cup 9th"]
[Site "Rottach Egern"]
[Date "2021.10.25"]
[Round "4"]
[White "Schnell, Franz"]
[Black "Walther, Renate"]
[Result "1-0"]
[WhiteElo "1737"]
[BlackElo "1142"]
[PlyCount "65"]
[EventDate "2021.10.22"]
[EventType "swiss"]
[EventRounds "7"]
[EventCountry "GER"]
[SourceTitle "CBM 204 Extra"]
[Source "ChessBase"]
[SourceDate "2021.11.30"]
[SourceVersion "1"]
[SourceVersionDate "2021.11.30"]
[SourceQuality "1"]

1. d4 d5 2. Bf4 Bf5 3. e3 Nd7 4. Nf3 Ngf6 5. Nh4 Bg6 6. Nxg6 hxg6 7. h3 e6 8. c3 Ne4 9. Nd2 Bd6 10. Bxd6 Nxd6 11. Nf3 Qe7 12. Be2 0-0-0 13. Qb3 Nb6 14. Qa3 Kb8 15. 0-0-0 f6 16. Bd3 g5 17. Rhe1 Qd7 18. Nd2 Qa4 19. Qxa4 Nxa4 20. e4 e5 21. dxe5 Nf7 22. exf6 gxf6 23. exd5 Rxd5 24. Bc4 c6 25. Bxd5 cxd5 26. Nb3 Nb6 27. Re7 Nd6 28. Re6 Rd8 29. Rxf6 Ne4 30. Rf7 Nd6 31. Rg7 Ne4 32. f3 Nf2 33. Rd2 1-0

[Event "RLP Seniors op 17th"]
[Site "Neustadt an der Weinstrasse"]
[Date "2019.07.20"]
[Round "1"]
[White "Walther, Renate"]
[Black "Zens, Rolf"]
[Result "0-1"]
[WhiteElo "1113"]
[BlackElo "1879"]
[PlyCount "70"]
[EventDate "2019.07.20"]
[EventType "swiss"]
[EventRounds "9"]
[EventCountry "GER"]
[SourceTitle "CBM 192 Extra"]
[Source "Chessbase"]
[SourceDate "2019.11.06"]
[SourceVersion "1"]
[SourceVersionDate "2019.11.06"]
[SourceQuality "1"]

1. e4 c5 2. Nf3 d6 3. Nc3 a6 4. d4 cxd4 5. Nxd4 Nf6 6. Be2 e5 7. Nf3 Be7 8. Be3 b5 9. h3 Bb7 10. Bd3 Nbd7 11. 0-0 0-0 12. Qd2 b4 13. Nd5 Bxd5 14. exd5 e4 15. Be2 exf3 16. Bxf3 a5 17. Rac1 Rc8 18. Bd4 Nb6 19. Bxb6 Qxb6 20. Rfe1 Rfe8 21. Re2 Bf8 22. Rce1 Rxe2 23. Rxe2 Qc5 24. Kh2 Qc4 25. Qd3 Qxd3 26. cxd3 Rc5 27. g4 g6 28. h4 Nxd5 29. d4 Rb5 30. Be4 Nf4 31. Rc2 Rb8 32. Kg3 Ne6 33. Rc4 Bg7 34. Rc6 Bxd4 35. Rxd6 Be5+ 0-1

[Event "Bad Wiessee Senioren Cup 8th"]
[Site "Bad Wiessee"]
[Date "2019.05.18"]
[Round "8"]
[White "Walther, Renate"]
[Black "Wegener, Wilfried"]
[Result "0-1"]
[WhiteElo "1127"]
[BlackElo "1627"]
[PlyCount "98"]
[EventDate "2019.05.11"]
[EventType "swiss"]
[EventRounds "9"]
[EventCountry "GER"]
[SourceTitle "EXT 2020"]
[Source "ChessBase"]
[SourceDate "2019.10.17"]
[SourceVersion "1"]
[SourceVersionDate "2019.10.17"]
[SourceQuality "1"]

1. e4 c6 2. d4 d5 3. Nc3 dxe4 4. Nxe4 Bf5 5. Ng3 Bg6 6. h4 h6 7. h5 Bh7 8. Bd3 Bxd3 9. Qxd3 Nf6 10. Be3 e6 11. 0-0-0 Bd6 12. N1e2 0-0 13. f3 Nbd7 14. Rh3 Nd5 15. Bd2 N7f6 16. Ne4 b5 17. Nxd6 Qxd6 18. Kb1 Rfd8 19. g4 Nh7 20. f4 a5 21. g5 hxg5 22. fxg5 f5 23. gxf6 Nhxf6 24. Bg5 Rf8 25. h6 Rf7 26. Rf1 Raf8 27. Rhf3 Qd7 28. Ng3 Qc7 29. Ne2 Nh7 30. Bd2 Rxf3 31. Rxf3 Rxf3 32. Qxf3 a4 33. Nf4 Qf7 34. Qg3 g5 35. Nxd5 exd5 36. Qb8+ Qf8 37. Qxf8+ Kxf8 38. Kc1 Kf7 39. Be3 Kg6 40. Kd1 Kxh6 41. Ke1 Kh5 42. Bf2 g4 43. Kd2 Nf6 44. Ke2 Ne4 45. Kf1 Nxf2 46. Kxf2 Kh4 47. Kg2 g3 48. c3 Kg4 49. b3 axb3 0-1

[Event "MVP-ch Seniors op 18th"]
[Site "Ostseebad Binz"]
[Date "2018.12.01"]
[Round "4"]
[White "Moews, Harald"]
[Black "Walther, Renate"]
[Result "1-0"]
[WhiteElo "1726"]
[BlackElo "1113"]
[PlyCount "37"]
[EventDate "2018.11.28"]
[EventType "swiss"]
[EventRounds "9"]
[EventCountry "GER"]
[SourceTitle "CBM 188 Extra"]
[Source "ChessBase"]
[SourceDate "2019.02.26"]
[SourceVersion "1"]
[SourceVersionDate "2019.02.26"]
[SourceQuality "1"]

1. e4 e5 2. Bc4 Nf6 3. d3 Bc5 4. Nf3 Nc6 5. Bg5 h6 6. Bh4 d6 7. h3 a6 8. a4 Nd4 9. 0-0 Bd7 10. Nc3 Bc6 11. Nh2 Qd7 12. Ne2 0-0 13. Bxf6 gxf6 14. Ng3 Kh7 15. c3 Ne6 16. Ng4 Qe7 17. Nh5 Kg6 18. Ngxf6 Nf4 19. Qg4# 1-0

[Event "MVP-ch Seniors op 18th"]
[Site "Ostseebad Binz"]
[Date "2018.11.28"]
[Round "1"]
[White "Walther, Renate"]
[Black "Schulz, Gerhard1111"]
[Result "0-1"]
[WhiteElo "1113"]
[BlackElo "1879"]
[PlyCount "58"]
[EventDate "2018.11.28"]
[EventType "swiss"]
[EventRounds "9"]
[EventCountry "GER"]
[SourceTitle "CBM 188 Extra"]
[Source "ChessBase"]
[SourceDate "2019.02.26"]
[SourceVersion "1"]
[SourceVersionDate "2019.02.26"]
[SourceQuality "1"]

1. e4 e6 2. d4 d5 3. e5 c5 4. Bb5+ Bd7 5. Bxd7+ Qxd7 6. Nf3 Nc6 7. Nc3 cxd4 8. Nxd4 Nxe5 9. 0-0 Be7 10. Bd2 Nf6 11. h3 0-0 12. Bg5 a6 13. Nf3 Nxf3+ 14. Qxf3 Rac8 15. Rad1 Qc7 16. Rd3 b5 17. a3 Ne8 18. Bxe7 Qxe7 19. Rd4 Nf6 20. Re1 Qc5 21. Qd3 Qb6 22. Kf1 Rc4 23. Rxc4 bxc4 24. Na4 Qa5 25. Qd1 Qxa4 26. c3 Qxd1 27. Rxd1 Rb8 28. Rb1 Rb3 29. Ke2 Ne4 0-1

[Event "Rheinland Pfalz op Seniors 16th"]
[Site "Neustadt an der Weinstrasse"]
[Date "2018.07.08"]
[Round "2"]
[White "Walther, Renate"]
[Black "Wenzel, Ralph"]
[Result "0-1"]
[WhiteElo "1123"]
[BlackElo "1694"]
[PlyCount "86"]
[EventDate "2018.07.07"]
[EventType "swiss"]
[EventRounds "9"]
[EventCountry "GER"]
[SourceTitle "EXT 2019"]
[Source "ChessBase"]
[SourceDate "2018.10.10"]
[SourceVersion "1"]
[SourceVersionDate "2018.10.10"]
[SourceQuality "1"]

1. e4 e5 2. d4 exd4 3. Qxd4 Nc6 4. Qe3 d6 5. Nc3 Nf6 6. h3 Be7 7. f4 0-0 8. Bd3 Re8 9. Bd2 d5 10. Qf3 dxe4 11. Nxe4 Nxe4 12. Bxe4 Bf6 13. 0-0-0 Qd4 14. Bc3 Qxe4 15. Bxf6 Qxf3 16. Nxf3 gxf6 17. g4 b6 18. g5 fxg5 19. Nxg5 h6 20. Nf3 Bf5 21. Rhg1+ Kf8 22. h4 Re4 23. Ne5 Nxe5 24. fxe5 Rxe5 25. Rd2 Rae8 26. Rdd1 Re2 27. Rd2 Re1+ 28. Rxe1 Rxe1+ 29. Rd1 Rxd1+ 30. Kxd1 Bg4+ 31. Kd2 f5 32. Ke3 Ke7 33. a3 Ke6 34. Kf4 Kd5 35. c3 a5 36. b3 c5 37. h5 b5 38. Ke3 Bxh5 39. Kf4 Bg6 40. Ke3 Ke5 41. b4 a4 42. bxc5 Kd5 43. c6 Kxc6 0-1

[Event "MVP-ch Seniors op 17th"]
[Site "Binz"]
[Date "2017.11.30"]
[Round "2.34"]
[White "Walther, Renate"]
[Black "Tuertmann, Dieter"]
[Result "0-1"]
[WhiteElo "1152"]
[BlackElo "1956"]
[PlyCount "46"]
[EventDate "2017.11.29"]
[EventType "swiss"]
[EventRounds "9"]
[EventCountry "GER"]
[SourceTitle "EXT 2019"]
[Source "ChessBase"]
[SourceDate "2018.10.10"]
[SourceVersion "1"]
[SourceVersionDate "2018.10.10"]
[SourceQuality "1"]

1. e4 c5 2. Nf3 e6 3. d4 b6 4. Nc3 a6 5. Be2 Qc7 6. Be3 Bb7 7. e5 d5 8. a3 Nd7 9. Qd2 Ne7 10. b3 Ng6 11. 0-0 Rc8 12. Bd3 cxd4 13. Bxd4 Bc5 14. Bxc5 bxc5 15. Rfe1 Ndxe5 16. Bxg6 Nxf3+ 17. gxf3 hxg6 18. Kf1 Rd8 19. Qe3 d4 20. Qe5 Qxe5 21. Rxe5 dxc3 22. Re3 Rd5 23. Rae1 Rxh2 0-1